书目信息 |
| 题名: |
写作精讲
|
|
| 作者: | 王晓晶, , 欧丽萍 , 刘大鹏 主编 | |
| 分册: | ||
| 出版信息: | 北京 首都经济贸易大学出版社 2021.01 |
|
| 页数: | 338页 | |
| 开本: | 26cm | |
| 丛书名: | ||
| 单 册: | ||
| 中图分类: | C931.46 | |
| 科图分类: | ||
| 主题词: | 公文--gong wen--写作--考核--自学参考资料 | |
| 电子资源: | ||
| ISBN: | 978-7-5638-3155-5 | |
| 000 | 01181nam0 2200277 450 | |
| 001 | 0100028922 | |
| 005 | 20211025120205.0 | |
| 010 | @a978-7-5638-3155-5@dCNY42.00 | |
| 100 | @a20210317d2021 em y0chiy50 ea | |
| 101 | 0 | @achi |
| 102 | @aCN@b110000 | |
| 105 | @ay z 000yy | |
| 106 | @ar | |
| 200 | 1 | @a写作精讲@Axie zuo jing jiang@e申论与管理类联考写作技巧@f主编王晓晶, 欧丽萍, 刘大鹏 |
| 210 | @a北京@c首都经济贸易大学出版社@d2021.01 | |
| 215 | @a338页@d26cm | |
| 314 | @a王晓晶, 现为云南大学滇池学院教师。 | |
| 330 | @a本书包括申论写作和专业硕士写作两部分, 共4篇12章。第一篇为写作精讲概论 ; 第二篇是申论考试能力培养, 包括阅读理解能力、归纳概括能力、分析问题能力、提出和解决问题能力等 ; 第三篇是专业硕士写作能力培养, 包括论说文、论证有效性分析两部分 ; 第四篇为申论考试和专业硕士考试真题详解。 | |
| 517 | 1 | @a申论与管理类联考写作技巧@Ashen lun yu guan li lei lian kao xie zuo ji qiao |
| 606 | 0 | @a公文@Agong wen@x写作@x考核@j自学参考资料 |
| 690 | @aC931.46@v5 | |
| 701 | 0 | @a王晓晶,@Awang xiao jing@f1981-@4主编 |
| 701 | 0 | @a欧丽萍@Aou li ping@4主编 |
| 701 | 0 | @a刘大鹏@Aliu da peng@4主编 |
| 801 | 0 | @aCN@c20210909 |
| 905 | @a河南城建学院图书馆@dC931.46@eW382 | |
| 写作精讲:申论与管理类联考写作技巧/主编王晓晶, 欧丽萍, 刘大鹏.-北京:首都经济贸易大学出版社,2021.01 |
| 338页;26cm |
| ISBN 978-7-5638-3155-5:CNY42.00 |
| 本书包括申论写作和专业硕士写作两部分, 共4篇12章。第一篇为写作精讲概论 ; 第二篇是申论考试能力培养, 包括阅读理解能力、归纳概括能力、分析问题能力、提出和解决问题能力等 ; 第三篇是专业硕士写作能力培养, 包括论说文、论证有效性分析两部分 ; 第四篇为申论考试和专业硕士考试真题详解。 |
| ● |
| 相关链接 |
|
|
|
正题名:写作精讲
索取号:C931.46/W382
 
预约/预借
| 序号 | 登录号 | 条形码 | 馆藏地/架位号 | 状态 | 备注 |
| 1 | 1547345 | 215473459 | 社科库509/509社科库 64排8列2层/ [索取号:C931.46/W382] | 在馆 | |
| 2 | 1547346 | 215473468 | 社科库509/509社科库 64排8列2层/ [索取号:C931.46/W382] | 在馆 |